Представление документа в формате RUSMARC

ПолеНазваниеЗначение
  Тип записи a
  Библиографический уровень m
001 Контрольный номер RuMoRGB-008140202
005 Дата корректировки 20201206205014.3
010 Индекс ISBN __
a ISBN 978-5-389-08026-3 (в пер.)
d Цена 396-83
100 Данные общей обработки __
a Данные общей обработки 19160707d2015||||||| 0rusy0189 ca
101 Язык документа 1_
a Язык текста rus
c Язык оригинала eng
102 Страна публикации __
a Страна публикации ru|
105 Кодированные данные (монография) __
a Кодированные данные (монография) ||||||||0||zy
200 Заглавие и сведения об ответственности 1_
a Заглавие Как бы волшебная сказка
e Сведения, относящиеся к заглавию [роман : 18+]
f Первые сведения об ответственности Грэм Джойс ; [перевод с английского Валерия Минушина]
b Общее обозначение материала Текст
210 Выходные данные __
a Место издания Санкт-Петербург
c Издательство Азбука
d Дата издания 2015
215 Физическое описание __
a Объем 349, [1] с.
d Формат 22 см
225 Серия __
a Серия The Big Book
300 Общие примечания __
a Общие примечания 2000 экз.
330 Аннотация __
a Аннотация Тара Мартин ушла гулять в весенний лес - и пропала без вести. Ее родные, соседи, полиция обшарили окрестность сверху донизу, но не нашли ни малейших следов шестнадцатилетней девушки. В отсутствие каких-либо улик полиция даже пыталась выбить признание из возлюбленного Тары - талантливого гитариста Ричи со всеми задатками будущей рок-звезды. Но вот проходит двадцать лет - и Тара вдруг возвращается. Она совершенно не изменилась, будто не постарела ни на день. И те истории, которые она рассказывает, иначе как сказками не назовешь..
333 Примечание о целевом назначении __
a Примечание о целевом назначении 18+. Запрещено для детей
606 Тематические рубрики __
a Основная рубрика Художественная литература
606 Тематические рубрики __
a Основная рубрика Литература Европы (произведения)
y Географическая подрубрика Англия
y Географическая подрубрика Великобритания
610 Ключевые слова __
a Ключевые слова английская литература
a Ключевые слова зарубежная литература
a Ключевые слова иностранная литература
a Ключевые слова романы
a Ключевые слова тема мистики
a Ключевые слова фантастика
a Ключевые слова фантастические приключения
a Ключевые слова фантастические романы
686 Индексы других классификаций __
2 Код системы rubbks
a Классификационный индекс 84(4Вел)6-445; ст84(4Вел)6-4
700 Автор _1
a Фамилия Джойс
b Имя Г.
f Даты 1954-2014
g Полное личное имя Грэм
4 Код отношения 070
702 Вторичная интеллектуальная ответственность __
a Фамилия Минушин
b Имя В.
4 Код отношения Переводчик
4 Код отношения 730
801 Источник записи _0
a Страна ru
b Организация Муниципальное бюджетное учреждение культуры "Централизованная библиотечная система" г. Сургут (Центральная городская библиотека им. А. С. Пушкина)
c Дата составления 20160707
g Правила каталогизации КиК/Апакова
801 Источник записи _1
a Страна ru
b Организация Муниципальное бюджетное учреждение культуры "Централизованная библиотечная система" г. Сургут (Центральная городская библиотека им. А. С. Пушкина)
c Дата составления 20160707
g Правила каталогизации КиК/Апакова
852 Данные о местонахождении __
j Шифр хранения 84(4Вел)6-445
i Авторский знак Д 42
901 Тип документа __
t Тип документа m
903 Характеристики (МАРС) __
a Дата передачи 20160707
990 Данные о заказе (DOS) __
j Количество экземпляров (DOS) 10
t N записи в КСУ для И/У (DOS) 201607